• 首页
  • 本馆介绍
  • 公告通知
  • 最新文献
  • 馆藏检索
  • 电子资源
  • 读者荐购
  • 参考咨询
  • CALIS
  • 我的图书馆
  • 登录
  • 详细信息显示
  • 放入我的书架
  • 预约/预借图书
  • 作者相关作品
  • 分类相关作品
  • 丛书相关作品
  • 出版社相关作品

书目信息

  • 表格格式
  • 工作单格式
  • 卡片格式
题名:
再生水回用与公众接受
    
 
作者: 付汉良 , 刘晓君 , 何玉麒 , 丁超 著
分册:  
出版信息: 北京   社会科学文献出版社  2020.05
页数: 182页
开本: 23cm
丛书名:
单 册:
中图分类: TV213.9
科图分类:
主题词: 再生水--zai sheng shui--水资源利用--研究
电子资源:
ISBN: 978-7-5201-6556-3
 
 
 
 
 
000 01713nam0 2200313 450
001 2074531631
005 20201105204221.28
010    @a978-7-5201-6556-3@dCNY138.00
100    @a20200609d2020 em y0chiy50 ea
101 0  @achi
102    @aCN@b110000
105    @aak a 000yy
200 1  @a再生水回用与公众接受@Azai sheng shui hui yong yu gong zhong jie shou@d= Public acceptance of recycled water@f付汉良 ... [等] 著@zeng
210    @a北京@c社会科学文献出版社@d2020.05
215    @a182页@c图@d23cm
300    @a本书出版得到国家自然科学基金项目“城市居民再生水回用行为特征及驱动策略研究”、教育部人文社会科学研究规划基金项目“水资源紧缺和水环境污染约束下提升我国污水再生利用公众接受意愿的对策研究”和陕西省社科基金项目“环境友好型技术推广策略研究—以再生水回用行业为例”的资助。
304    @a题名页题其余责任者: 刘晓君, 何玉麒, 丁超
314    @a付汉良, 管理学博士, 西安建筑科技大学管理学院副教授。刘晓君, 二级教授, 博士生导师。何玉麒, 西北政法大学法学学士, 长安大学公共管理硕士, 西安建筑科技大学管理学院博士研究生。丁超, 西安建筑科技大学管理学博士, 内蒙古科技大学土木工程学院讲师。
320    @a有书目 (第151-169页)
330    @a本书分为十章, 主要内容包括: 绪论、文献综述、基于扎根理论的再生水回用公众接受行为影响因素研究、基于内隐联想测试的城市居民再生回用行为引导政策作用效果实验研究、城市居民再生水回用行为引导政策作用效果的田野实验等。
510 1  @aPublic acceptance of recycled water@zeng
606 0  @a再生水@Azai sheng shui@x水资源利用@x研究
690    @aTV213.9@v5
701  0 @a付汉良@Afu han liang@4著
701    @a刘晓君@Aliu xiao jun@4著
701    @a何玉麒@Ahe yu qi@4著
701    @a丁超@Ading chao@4著
801  0 @aCN@b人天书店@c20201005
905    @aZUCC@dTV213.9@eF830
    
    再生水回用与公众接受= Public acceptance of recycled water/付汉良 ... [等] 著.-北京:社会科学文献出版社,2020.05
    182页:图;23cm
    本书出版得到国家自然科学基金项目“城市居民再生水回用行为特征及驱动策略研究”、教育部人文社会科学研究规划基金项目“水资源紧缺和水环境污染约束下提升我国污水再生利用公众接受意愿的对策研究”和陕西省社科基金项目“环境友好型技术推广策略研究—以再生水回用行业为例”的资助。
    
    ISBN 978-7-5201-6556-3:CNY138.00
    本书分为十章, 主要内容包括: 绪论、文献综述、基于扎根理论的再生水回用公众接受行为影响因素研究、基于内隐联想测试的城市居民再生回用行为引导政策作用效果实验研究、城市居民再生水回用行为引导政策作用效果的田野实验等。
●
相关链接 在E读中查询图书 在当当中查询图书 在豆瓣中查询图书


正题名:再生水回用与公众接受     索取号:TV213.9/F830         预约/预借

序号 登录号 条形码 馆藏地/架位号 状态 备注
1 1480959   214809590   自科库501/501自科库 77排1列1层/ [索取号:TV213.9/F830] 在馆    
河南城建学院图书馆 欢迎您!
大连网信软件有限公司© 版权所有